<?xml version="1.0" encoding="UTF-8"?>
<record
    xmlns:xsi="http://www.w3.org/2001/XMLSchema-instance"
    xsi:schemaLocation="http://www.loc.gov/MARC21/slim http://www.loc.gov/standards/marcxml/schema/MARC21slim.xsd"
    xmlns="http://www.loc.gov/MARC21/slim">

  <leader>01675nam a2200241 a 4500</leader>
  <controlfield tag="001">000008590</controlfield>
  <controlfield tag="005">20210203203406.0</controlfield>
  <controlfield tag="008">090917t1943    dr      r     010 0 spa d</controlfield>
  <datafield tag="040" ind1=" " ind2=" ">
    <subfield code="a">DO-SdBNP</subfield>
    <subfield code="b">spa</subfield>
    <subfield code="c">BNPHU</subfield>
  </datafield>
  <datafield tag="041" ind1="1" ind2="7">
    <subfield code="a">spa</subfield>
    <subfield code="2">eng</subfield>
    <subfield code="h">fre</subfield>
  </datafield>
  <datafield tag="082" ind1=" " ind2=" ">
    <subfield code="a">F-RD 40</subfield>
  </datafield>
  <datafield tag="245" ind1="0" ind2="0">
    <subfield code="a">Reconocimiento al gobierno del honorable presidente Trujillo por su ayuda al esfuerzo de guerra aliado.</subfield>
  </datafield>
  <datafield tag="246" ind1="1" ind2="0">
    <subfield code="a">Gratitude to the goverment of the honorable president Trujillo for its support to the allied war effort.</subfield>
  </datafield>
  <datafield tag="246" ind1="1" ind2="0">
    <subfield code="a">Reconnaissance au governement de l&#x2BB;Honorable Pr&#xE9;sident Trujillo pour son assistance dans l&#x2BB;Effort de guerre alli&#xE9;.</subfield>
  </datafield>
  <datafield tag="260" ind1=" " ind2=" ">
    <subfield code="a">Ciudad Trujillo, Rep&#xFA;blica Dominicana :</subfield>
    <subfield code="b">La Naci&#xF3;n,</subfield>
    <subfield code="c">1943.</subfield>
  </datafield>
  <datafield tag="300" ind1=" " ind2=" ">
    <subfield code="a">[26 p.] ;</subfield>
    <subfield code="c">25 cm.</subfield>
  </datafield>
  <datafield tag="505" ind1="0" ind2=" ">
    <subfield code="t">Carta del Honorable Presidente Roosevelt, de Estados Unidos de Am&#xE9;rica, al Honorable Presidente Trujillo, de la Rep&#xFA;blica Dominicana, junio 15 1942 --</subfield>
    <subfield code="t">Letter from the Honorable President Roosevelt, of the United States of America, to the honorable President Trujillo, of the Dominican Republic --</subfield>
    <subfield code="t">Lettre de l&#x2BB;Honorable Pr&#xE9;sident Roosevelt, des Etats Unis d&#x2BB;Amerique, a l&#x2BB; Honorable Pr&#xE9;sident Trujillo, de la R&#xE9;publique Dominicaine.</subfield>
  </datafield>
  <datafield tag="600" ind1="1" ind2="0">
    <subfield code="a">Trujillo Molina, Rafael  Le&#xF3;nidas, </subfield>
    <subfield code="d">1891-1961</subfield>
    <subfield code="v">Correspondencias, memorias, etc. </subfield>
    <subfield code="9">54950</subfield>
  </datafield>
  <datafield tag="651" ind1=" " ind2="4">
    <subfield code="a">Rep&#xFA;blica Dominicana</subfield>
    <subfield code="x">Relaciones Exteriores</subfield>
    <subfield code="z">Estados Unidos</subfield>
    <subfield code="x">Correspondencia, Memorias Etc.</subfield>
    <subfield code="9">23006</subfield>
  </datafield>
  <datafield tag="651" ind1=" " ind2="4">
    <subfield code="a">Estados Unidos</subfield>
    <subfield code="x">Relaciones Exteriores</subfield>
    <subfield code="z">Rep&#xFA;blica Dominicana</subfield>
    <subfield code="x">Correspondencia, Memorias Etc.</subfield>
    <subfield code="9">23007</subfield>
  </datafield>
  <datafield tag="651" ind1=" " ind2="4">
    <subfield code="a">Rep&#xFA;blica Dominicana</subfield>
    <subfield code="x">Pol&#xED;tica Y Gobierno</subfield>
    <subfield code="y">ERA DE TRUJILLO, 1930-1961</subfield>
    <subfield code="9">1374</subfield>
  </datafield>
  <datafield tag="910" ind1=" " ind2=" ">
    <subfield code="a">Validado. Control de calidad. EMS</subfield>
  </datafield>
  <datafield tag="952" ind1=" " ind2=" ">
    <subfield code="0">0</subfield>
    <subfield code="1">0</subfield>
    <subfield code="5">0</subfield>
    <subfield code="7">1</subfield>
    <subfield code="8">RV</subfield>
    <subfield code="a">PD</subfield>
    <subfield code="b">PD</subfield>
    <subfield code="c">HD</subfield>
    <subfield code="d">2009-09-17</subfield>
    <subfield code="i">LF1</subfield>
    <subfield code="l">0</subfield>
    <subfield code="o">F-RD 40 </subfield>
    <subfield code="p">8590-10</subfield>
    <subfield code="r">2020-06-25</subfield>
    <subfield code="w">2020-06-25</subfield>
    <subfield code="y">1</subfield>
    <subfield code="Z">No se presta</subfield>
  </datafield>
  <datafield tag="952" ind1=" " ind2=" ">
    <subfield code="0">0</subfield>
    <subfield code="1">0</subfield>
    <subfield code="5">0</subfield>
    <subfield code="7">1</subfield>
    <subfield code="8">RV</subfield>
    <subfield code="a">PD</subfield>
    <subfield code="b">PD</subfield>
    <subfield code="c">HD</subfield>
    <subfield code="d">2011-04-12</subfield>
    <subfield code="i">LF1</subfield>
    <subfield code="l">0</subfield>
    <subfield code="o">F-RD 40 </subfield>
    <subfield code="p">8590-20</subfield>
    <subfield code="r">2020-06-25</subfield>
    <subfield code="t">e. 2</subfield>
    <subfield code="w">2020-06-25</subfield>
    <subfield code="y">1</subfield>
    <subfield code="Z">No se presta</subfield>
  </datafield>
  <datafield tag="999" ind1=" " ind2=" ">
    <subfield code="c">8360</subfield>
    <subfield code="d">8360</subfield>
  </datafield>
</record>
